000 00405nam a2200181Ia 4500
001 810
005 20260306140545.0
008 260306t2006||||xx |||||||||||||| ||spa||
041 _aESP
082 _a170
_bF85
100 _aFromm, Erich
_eAUT
245 0 _aÉtica y psicoanálisis
260 _c2006
300 _a278 páginas :
_c17 cm.
650 _aGEN
654 _aCHU
942 _cLIB
_dJUS
_fJUS
_2ddc
_n
999 _c810
_d810